000 00993nam a2200229Ia 4500
003 Ost
005 20260507075403.0
008 260507s9999||||xx |||||||||||||| ||und||
040 _cfsecg
041 _aara
082 _a600
100 _aطاحون، محمد عبد الحميد
_eمؤلف
245 0 _aدراسات في الأنظمة المحاسبية المتخصصة /
_c محمد عبد الحميد طاحون
260 _aالإسكندرية:
_bمكتبة الوفاء القانونية,
_c2012
300 _a352 صفحة؛
_bإيضاحات ؛
_c24 سم
520 _aيضم نظم محاسبة الفروع المحلية، المحاسبة في الوحدات الحكومية، الانظمة المحاسبية في البنوك التجارية
653 _aالأنظمة المحاسبية
653 _aالبنوك التجارية
653 _aالمحاسبة
700 _aالبابلي، محمد محمود
_eمؤلف ثانوي
942 _cكتاب
999 _c44289
_d44289